<?xml version="1.0" encoding="UTF-8"?>
<record
    xmlns:xsi="http://www.w3.org/2001/XMLSchema-instance"
    xsi:schemaLocation="http://www.loc.gov/MARC21/slim http://www.loc.gov/standards/marcxml/schema/MARC21slim.xsd"
    xmlns="http://www.loc.gov/MARC21/slim">

  <leader>01240nam a22001817a 4500</leader>
  <controlfield tag="008">111115s1938    ua|||||r|||| 000 0dara d</controlfield>
  <datafield tag="082" ind1=" " ind2=" ">
    <subfield code="2">22</subfield>
    <subfield code="a">379.62031</subfield>
    <subfield code="b">&#x643; &#x631; &#x64A;</subfield>
  </datafield>
  <datafield tag="100" ind1=" " ind2=" ">
    <subfield code="9">26753</subfield>
    <subfield code="a">&#x639;&#x628;&#x62F; &#x627;&#x644;&#x643;&#x631;&#x64A;&#x645;&#x60C;&#x623;&#x62D;&#x645;&#x62F; &#x639;&#x632;&#x62A;</subfield>
  </datafield>
  <datafield tag="245" ind1=" " ind2=" ">
    <subfield code="a">&#x62A;&#x627;&#x631;&#x64A;&#x62E; &#x627;&#x644;&#x62A;&#x639;&#x644;&#x64A;&#x645; &#x641;&#x64A; &#x639;&#x635;&#x631; &#x645;&#x62D;&#x645;&#x62F; &#x639;&#x644;&#x64A; /</subfield>
    <subfield code="c">&#x62A;&#x623;&#x644;&#x64A;&#x641; &#x623;&#x62D;&#x645;&#x62F; &#x639;&#x632;&#x62A; &#x639;&#x628;&#x62F; &#x627;&#x644;&#x643;&#x631;&#x64A;&#x645; &#x61B; &#x643;&#x62A;&#x628; &#x645;&#x642;&#x62F;&#x645;&#x62A;&#x647; &#x645;&#x62D;&#x645;&#x62F; &#x634;&#x641;&#x64A;&#x642; &#x63A;&#x628;&#x631;&#x64A;&#x627;&#x644;</subfield>
  </datafield>
  <datafield tag="260" ind1=" " ind2=" ">
    <subfield code="a">&#x627;&#x644;&#x642;&#x627;&#x647;&#x631;&#x629; :</subfield>
    <subfield code="b">&#x645;&#x643;&#x62A;&#x628;&#x629; &#x627;&#x644;&#x646;&#x647;&#x636;&#x629; &#x627;&#x644;&#x645;&#x635;&#x631;&#x64A;&#x629;&#x60C; 1938</subfield>
    <subfield code="c">1938</subfield>
  </datafield>
  <datafield tag="300" ind1=" " ind2=" ">
    <subfield code="a">798 &#x635; &#x61B;</subfield>
    <subfield code="c">22 &#x633;&#x645;</subfield>
  </datafield>
  <datafield tag="500" ind1=" " ind2=" ">
    <subfield code="a">&#x628;&#x62D;&#x62B; &#x627;&#x639;&#x62A;&#x645;&#x62F; &#x641;&#x64A;&#x647; &#x627;&#x644;&#x645;&#x624;&#x644;&#x641; &#x639;&#x644;&#x649; &#x648;&#x62B;&#x627;&#x626;&#x642; &#x628;&#x642;&#x633;&#x645; &#x627;&#x644;&#x645;&#x62D;&#x641;&#x648;&#x638;&#x627;&#x62A; &#x627;&#x644;&#x62A;&#x627;&#x631;&#x64A;&#x62E;&#x64A;&#x629; &#x628;&#x62F;&#x64A;&#x648;&#x627;&#x646; &#x62C;&#x644;&#x627;&#x644;&#x629; &#x627;&#x644;&#x645;&#x644;&#x643; &#x644;&#x645; &#x64A;&#x633;&#x628;&#x642; &#x646;&#x634;&#x631;&#x647;&#x627; &#x648;&#x623;&#x62C;&#x627;&#x632;&#x62A;&#x647; &#x62C;&#x627;&#x645;&#x639;&#x629; &#x641;&#x624;&#x627;&#x62F; &#x627;&#x644;&#x623;&#x648;&#x644; &#x644;&#x62F;&#x631;&#x62C;&#x629; &#x645;&#x627;&#x62C;&#x633;&#x62A;&#x64A;&#x631; &#x641;&#x64A; &#x627;&#x644;&#x62A;&#x627;&#x631;&#x64A;&#x62E; &#x645;&#x639; &#x645;&#x631;&#x62A;&#x628;&#x629; &#x627;&#x644;&#x634;&#x631;&#x641; </subfield>
  </datafield>
  <datafield tag="504" ind1=" " ind2=" ">
    <subfield code="a">&#x64A;&#x634;&#x62A;&#x645;&#x644; &#x639;&#x644;&#x649; &#x625;&#x631;&#x62C;&#x627;&#x639;&#x627;&#x62A; &#x628;&#x628;&#x644;&#x64A;&#x648;&#x62C;&#x631;&#x627;&#x641;&#x64A;&#x629;: &#x635; 776-783</subfield>
  </datafield>
  <datafield tag="650" ind1=" " ind2=" ">
    <subfield code="9">27744</subfield>
    <subfield code="a">&#x627;&#x644;&#x62A;&#x639;&#x644;&#x64A;&#x645; </subfield>
    <subfield code="x">&#x62A;&#x627;&#x631;&#x64A;&#x62E;</subfield>
    <subfield code="y">&#x627;&#x644;&#x639;&#x635;&#x631; &#x627;&#x644;&#x62D;&#x62F;&#x64A;&#x62B; -- &#x639;&#x635;&#x631; &#x645;&#x62D;&#x645;&#x62F; &#x639;&#x644;&#x64A; 1805-1849</subfield>
    <subfield code="z">&#x645;&#x635;&#x631;</subfield>
  </datafield>
  <datafield tag="700" ind1=" " ind2=" ">
    <subfield code="9">27745</subfield>
    <subfield code="a">&#x63A;&#x628;&#x631;&#x64A;&#x627;&#x644; &#x60C; &#x645;&#x62D;&#x645;&#x62F; &#x634;&#x641;&#x64A;&#x642;</subfield>
  </datafield>
  <datafield tag="942" ind1=" " ind2=" ">
    <subfield code="2">ddc</subfield>
    <subfield code="c">BB</subfield>
  </datafield>
  <datafield tag="999" ind1=" " ind2=" ">
    <subfield code="c">16208</subfield>
    <subfield code="d">16208</subfield>
  </datafield>
  <datafield tag="952" ind1=" " ind2=" ">
    <subfield code="0">0</subfield>
    <subfield code="1">0</subfield>
    <subfield code="2">ddc</subfield>
    <subfield code="4">0</subfield>
    <subfield code="7">0</subfield>
    <subfield code="8">Alef-Baa</subfield>
    <subfield code="a">MAIN</subfield>
    <subfield code="b">MAIN</subfield>
    <subfield code="c">1ST</subfield>
    <subfield code="d">2011-11-15</subfield>
    <subfield code="e">purchase</subfield>
    <subfield code="o">379.62031 &#x643; &#x631; &#x64A;</subfield>
    <subfield code="p">000025635</subfield>
    <subfield code="r">2025-07-15 00:00:00</subfield>
    <subfield code="y">BB</subfield>
  </datafield>
</record>
